Química analítica : análisis cuantitativa

Bibliographic Details
Main Author: Hall, William T
Format: Section = Libro
Language:Undetermined
Spanish
Published: México Hispano-Americana 1948
Subjects:
LEADER 00514nam a2200181Ia 4500
008 240829s9999 xx 000 0 und d
040 |a BIBLIOTECA-RUSB/ 543 H181, v.2 
041 |a spa 
082 |a 543 H181, v.2 
100 1 |a Hall, William T 
245 1 0 |a Química analítica : análisis cuantitativa 
260 |a México  |b Hispano-Americana  |c 1948 
300 |a p. irreg. :il. 
650 7 |a QUIMICA ANALITICA CUALITATIVA 
650 7 |b  QUIMICA ANALITICA CUANTITATIVA 
942 |c BK  |2 ddc 
991 |a TEXTO 
999 |c 2423